| 000 | 00988cam a2200301 a 4500 | ||
|---|---|---|---|
| 001 | 4517676 | ||
| 003 | ARRUPE | ||
| 005 | 20160422121549.0 | ||
| 008 | 980107s1997 ctuaf b 001 0 eng | ||
| 010 | _a97024370 | ||
| 020 | _a0300071426 (alk. paper) | ||
| 035 | _a(OCoLC)37211198 | ||
| 035 | _a(OCoLC)ocm37211198 | ||
| 035 | _a(NNC)4517676 | ||
| 040 |
_aDLC _cDLC _dNNUT |
||
| 043 | _ae------ | ||
| 090 |
_aCB351 _b.C54 1997 |
||
| 100 | 1 |
_aColish, Marcia L. _924050 |
|
| 245 | 1 | 0 |
_aMedieval foundations of the western intellectual tradition, 400-1400 / _cby Marcia L. Colish |
| 260 |
_aNew Haven, CT : _bYale Univesity Press, _c1997 |
||
| 300 |
_axii, 388 p. : _bill. ; _c24 cm |
||
| 504 | _aIncludes bibliographical references (p. [364]-369) and index | ||
| 650 | 0 |
_aLearning and scholarship _xHistory _yMedieval, 500-1500. _924051 |
|
| 650 | 0 |
_aComparative civilization. _924052 |
|
| 651 | 0 |
_aEurope _xIntellectual life. _912477 |
|
| 942 |
_2lcc _cMONOGRAPH |
||
| 999 |
_c124686 _d124686 |
||